[Event "Arapiraca Lopez Memorial 1st"]
[Site "Arapiraca"]
[Date "2016.??.??"]
[Round "4"]
[White "Da Fonseca, Petrus Fay Dias"]
[Black "Dos Santos, Weverton Soares"]
[Result "1-0"]
[WhiteElo "1942"]
[BlackElo "2133"]
[PlyCount "43"]
[EventDate "2016.07.16"]
[EventType "swiss"]
[EventRounds "6"]
[EventCountry "BRA"]
[SourceTitle "EXT 2017"]
[Source "ChessBase"]
[SourceDate "2016.10.25"]
[SourceVersion "1"]
[SourceVersionDate "2016.10.25"]
[SourceQuality "1"]

1. e4 c5 2. Nc3 Nc6 3. f4 e6 4. Bc4 a6 5. a4 b6 6. d3 d6 7. Nf3 Bb7 8. Bd2 Be7 9. 0-0 Nf6 10. Bb3 0-0 11. Qe2 Qc7 12. Rae1 Rfe8 13. h3 d5 14. exd5 exd5 15. Nxd5 Nxd5 16. Bxd5 Nd4 17. Nxd4 Bxd5 18. Nf5 Kf8 19. Qh5 Bf6 20. Qxh7 g6 21. Bc3 Qc6 22. Nh6 1-0

[Event "Natal U15 op"]
[Site "Natal"]
[Date "2013.11.10"]
[Round "5"]
[White "Da Fonseca, Petrus Fay Dias"]
[Black "Braun, Isadora"]
[Result "1/2-1/2"]
[WhiteElo "1766"]
[BlackElo "1901"]
[PlyCount "60"]
[EventDate "2013.11.08"]
[EventType "swiss"]
[EventRounds "5"]
[EventCountry "BRA"]
[SourceTitle "EXT 2016"]
[Source "ChessBase"]
[SourceDate "2015.10.08"]
[SourceVersion "1"]
[SourceVersionDate "2015.10.08"]
[SourceQuality "1"]

1. e4 c5 2. Nf3 g6 3. c3 Bg7 4. d4 cxd4 5. cxd4 d6 6. Nc3 Nf6 7. Bd3 0-0 8. 0-0 Nc6 9. a3 Bg4 10. Be2 Rc8 11. h3 Bd7 12. Bf4 Qb6 13. Qd2 Na5 14. Rab1 Nc4 15. Bxc4 Rxc4 16. Be3 Qc7 17. Rfc1 Rc8 18. Qe2 Qa5 19. Nd2 R4c7 20. d5 Bb5 21. Qe1 Bd3 22. Nb3 Qa6 23. Ra1 Nxe4 24. Nxe4 Bxe4 25. Rxc7 Rxc7 26. Rc1 Rc2 27. Nd4 Rxc1 28. Qxc1 h5 29. Qc8+ Kh7 30. Qe8 Bxd5 1/2-1/2

[Event "Natal U15 op"]
[Site "Natal"]
[Date "2013.11.09"]
[Round "4"]
[White "Coelho, Ramyres Santana"]
[Black "Da Fonseca, Petrus Fay Dias"]
[Result "1-0"]
[WhiteElo "1882"]
[BlackElo "1766"]
[PlyCount "43"]
[EventDate "2013.11.08"]
[EventType "swiss"]
[EventRounds "5"]
[EventCountry "BRA"]
[SourceTitle "EXT 2016"]
[Source "ChessBase"]
[SourceDate "2015.10.08"]
[SourceVersion "1"]
[SourceVersionDate "2015.10.08"]
[SourceQuality "1"]

1. d4 d5 2. Nf3 Nf6 3. Bf4 g6 4. e3 Bg7 5. h3 0-0 6. Bd3 Nc6 7. c3 e6 8. 0-0 Bd7 9. Nbd2 Re8 10. Ne5 Ne7 11. Qf3 c6 12. Bg5 Nf5 13. g4 h6 14. Bxf6 Bxf6 15. gxf5 exf5 16. Nxd7 Qxd7 17. Kh1 Kh8 18. Rg1 Rg8 19. Rg2 Rae8 20. Rag1 Qe7 21. h4 Bxh4 22. Qh3 1-0

[Event "Petrolina Cordioli Memorial op"]
[Site "Petrolina"]
[Date "2008.10.12"]
[Round "7.19"]
[White "Da Fonseca, Petrus Fay Dias"]
[Black "Palomino, Alexandre Cardoso D"]
[Result "1-0"]
[WhiteElo "1817"]
[BlackElo "1890"]
[PlyCount "81"]
[EventDate "2008.10.09"]
[EventType "swiss"]
[EventRounds "7"]
[EventCountry "BRA"]
[SourceTitle "EXT 2022"]
[Source "ChessBase"]
[SourceDate "2021.10.06"]
[SourceVersion "1"]
[SourceVersionDate "2021.10.06"]
[SourceQuality "1"]

1. d4 Nf6 2. c4 g6 3. Nc3 Bg7 4. Nf3 0-0 5. Bf4 d6 6. e3 Nc6 7. Be2 Bf5 8. 0-0 Re8 9. d5 Nb4 10. a3 Na6 11. Rc1 c5 12. dxc6 bxc6 13. Qa4 Nc5 14. Qd1 Ne6 15. Bg3 Qa5 16. Nd2 g5 17. Bf3 Rac8 18. e4 Bg6 19. Ndb1 h5 20. b4 Qc7 21. c5 Red8 22. cxd6 Qb6 23. e5 Ng4 24. Bxg4 hxg4 25. Qxg4 exd6 26. exd6 f5 27. Qc4 Bf7 28. Na4 Qb7 29. f3 Nd4 30. Qd3 f4 31. Bf2 Rxd6 32. Bxd4 Rxd4 33. Nc5 Qc7 34. Qa6 Rcd8 35. Qb7 Qe5 36. Rfe1 Qd5 37. Ne4 Rd7 38. Qxc6 Qf5 39. Qc8+ Kh7 40. Nc5 Rd8 41. Qxf5+ 1-0

[Event "Petrolina Cordioli Memorial op"]
[Site "Petrolina"]
[Date "2008.10.11"]
[Round "4.18"]
[White "Brasil, Alberto Silveira"]
[Black "Da Fonseca, Petrus Fay Dias"]
[Result "1-0"]
[WhiteElo "1995"]
[BlackElo "1817"]
[PlyCount "96"]
[EventDate "2008.10.09"]
[EventType "swiss"]
[EventRounds "7"]
[EventCountry "BRA"]
[SourceTitle "EXT 2022"]
[Source "ChessBase"]
[SourceDate "2021.10.06"]
[SourceVersion "1"]
[SourceVersionDate "2021.10.06"]
[SourceQuality "1"]

1. e4 e6 2. d4 d5 3. Nf3 Nf6 4. Bg5 Be7 5. e5 Nfd7 6. Bxe7 Qxe7 7. Nc3 a6 8. Be2 c5 9. 0-0 cxd4 10. Qxd4 Nc6 11. Qf4 f6 12. exf6 Nxf6 13. Ne5 Qc7 14. Nd3 Qxf4 15. Nxf4 Nb4 16. Bd3 e5 17. Rfe1 e4 18. a3 0-0 19. axb4 exd3 20. Nxd3 d4 21. Ne4 Bf5 22. Nxf6+ Rxf6 23. Rad1 Rc6 24. Re2 Bxd3 25. Rxd3 Rc4 26. b5 axb5 27. g3 Rac8 28. b3 Rxc2 29. Rxc2 Rxc2 30. Rxd4 Rc3 31. Rb4 Rc5 32. Kg2 Kf7 33. Kf3 Ke6 34. Ke3 Kd5 35. Kd3 Kc6 36. Rg4 g5 37. h4 gxh4 38. Rxh4 h5 39. g4 hxg4 40. Rxg4 Rf5 41. f4 Rf6 42. Ke4 Re6+ 43. Kf3 Rf6 44. Rg5 Rd6 45. Rg3 Rd1 46. f5 Kd6 47. Kf4 Ke7 48. Kg5 Kf7 1-0